Motores térmicos / (Record no. 98288)

MARC details
000 -LEADER
campo de control de longitud fija 00697nam a2200205 i 4500
001 - NÚMERO DE CONTROL
campo de control 98288
003 - IDENTIFICADOR DE NÚMERO DE CONTROL
campo de control ES-MaACL
005 - FECHA Y HORA DE LA ÚLTIMA TRANSACCIÓN
campo de control 20250814052317.0
007 - CAMPO FIJO DE DESCRIPCIÓN FÍSICA--INFORMACIÓN GENERAL
campo de control de longitud fija t|
008 - DATOS DE LONGITUD FIJA--INFORMACIÓN GENERAL
campo de control de longitud fija 050727s1964 sp af |||| | spa d
100 1# - ENTRADA PRINCIPAL--NOMBRE DE PERSONA
Nombre de persona Marter, Donald H.
9 (RLIN) 77172
245 10 - MENCIÓN DEL TÍTULO
Título Motores térmicos /
Mención de responsabilidad, etc. por Donald H. Marter ; traducción Manuel Márquez Martínez ; texto revisado por Ramón Simón Arias.
260 ## - PUBLICACIÓN, DISTRIBUCIÓN, ETC.
Lugar de publicación, distribución, etc. Barcelona :
Nombre del editor, distribuidor, etc. Hispano Americana,
Fecha de publicación, distribución, etc. 1964.
300 ## - DESCRIPCIÓN FÍSICA
Extensión 268 p., 1 lám. 1-55 :
Otras características físicas il. ;
Dimensiones 23 cm.
650 #7 - PUNTO DE ACCESO ADICIONAL DE MATERIA--TÉRMINO DE MATERIA
Término de materia o nombre geográfico como elemento de entrada Motores térmicos
Fuente del encabezamiento o término embne
9 (RLIN) 139175
700 1# - ENTRADA AGREGADA--NOMBRE PERSONAL
Nombre de persona Márquez Martínez, Manuel.
9 (RLIN) 77028
700 1# - ENTRADA AGREGADA--NOMBRE PERSONAL
Nombre de persona Simón Arias, Ramón.
9 (RLIN) 106541
852 ## - LOCALIZACIÓN
Ubicación ES-MaACL
Número de control de estantería C-25888
Holdings
Estatus retirado Estado de pérdida Estado de daño No para préstamo Biblioteca de origen Biblioteca actual Ubicación en estantería Fecha de adquisición Fuente de adquisición Total de préstamos Signatura topográfica completa Código de barras Visto por última vez Precio de reemplazo Tipo de ítem Koha
        Biblioteca del Ateneo de Madrid Biblioteca del Ateneo de Madrid Depósito 2 17/01/2008     C-25888 1102606 23/02/2023 23/02/2023 Libro impreso